| 000 | 01097cam a22003497a 4500 | ||
|---|---|---|---|
| 003 | CHAP | ||
| 005 | 20220329140339.0 | ||
| 008 | 971013s r 00010 d | ||
| 010 | _a50749 | ||
| 011 | _a51721 | ||
| 035 | _a55871 | ||
| 040 | _cCHAP | ||
| 090 | _aFolleto 4101 | ||
| 100 | 0 | 0 |
_aVizcaíno Murray, Francisco. _9120207 |
| 245 | 1 | 3 | _aLa contaminación en México |
| 260 |
_a(s.l. : _bs.e.), _c(s.a.0 |
||
| 300 | _as.p. | ||
| 590 |
_aBATCH-UPD _b10 _c20130110 _lUCH01 _h0136 |
||
| 590 |
_aBATCH-UPD _b10 _c20130110 _lUCH01 _h0904 |
||
| 590 |
_aBATCH-UPD _b10 _c20130409 _lUCH01 _h2133 |
||
| 590 |
_aBATCH-UPD _b10 _c20130410 _lUCH01 _h0532 |
||
| 590 |
_aBATCH-UPD _b10 _c20130913 _lUCH01 _h2328 |
||
| 590 |
_aCONVERSION _b10 _c20130109 _lUCH01 _h1328 |
||
| 650 | 1 | 4 |
_aAgua _xContaminación. _92351 |
| 650 | 1 | 4 |
_aAire _xContaminación. _93138 |
| 650 | 1 | 4 |
_aMedio ambiente. _974065 |
| 650 | 1 | 4 |
_aSuelos _xContaminación. _9110327 |
| 901 | _aBK | ||
| 942 | _cFOLL | ||
| 949 |
_aFolleto 4101 _bBC _cFOLL _d-122345 _eTS1 _i55871 _mD _si |
||
| 949 |
_aFolleto 4101 _bBC _cFOLL _d-152548 _eTS2 _fc.2 _i55871 _si |
||
| 999 |
_c50749 _d50749 |
||